Missing Word: 20th Century US History A-Z Quiz Stats

 Plays Quiz Updated Jun 23, 2014

Support Sporcle.
Go Orange.
Score 0/26 Timer 03:00
0 Plays Today
Clue Answer % Correct
Lyndon B. ____Johnson
97.2%
Dwight D. ____Eisenhower
96.7%
Harry S. ____Truman
96%
Bay of ____ Invasion - 1961Pigs
93.9%
Cuban ____ Crisis - 1962Missile
90.7%
____ Deal - 1930sNew
88.9%
____ War - 1956-1974Vietnam
88%
Roe v. ____ - 1973Wade
86.7%
Rodney ____ Riots - 1992King
81.8%
____–Contra scandal - 1985-1987Iran
78.6%
____ Moose Party - 1912-1916Bull
78%
Tet ____ - 1968Offensive
75.4%
____ Farm Workers - founded 1962United
72.4%
Clue Answer % Correct
Lochner v. New ____ - 1905York
72.3%
____ SteinemGloria
70.2%
____ Suit Riots - 1943Zoot
67.5%
____ ChavezCesar
65.3%
Teapot ____ scandal - 1920-1923Dome
63.3%
____ 'Monkey' Trial - 1925Scopes
57.3%
The ____ Mystique - 1963Feminine
51.9%
____ Renaissance - 1920sHarlem
49.8%
My ____ Massacre - 1968Lai
46.9%
Stonewall ____ - 1969Riots
42.5%
Amendment ____ - women's suffrageXIX
39.8%
Miranda v. ____ - 1966Arizona
37.9%
Emergency ____ Act - 1921Quota
10.4%

Today's Daily Dose

Missing Word
1961 Movies A-Z

Word Ladder
Study Light

Get the Picture
Bread and Butter

You're not logged in!

Compare scores with friends on all Sporcle quizzes.
OR
Log In

From the Vault

More Last Names in TV Shows?

by JoeBeta

If you get in trouble, use your Lasso of Truth.
Remove Ads.
Support Sporcle.
Get the best of Sporcle when you Go Orange. This ad-free experience offers more features, more stats, and more fun while also helping to support Sporcle. Thank you for becoming a member.

Show Comments

Extras

Top Quizzes Today


Score Distribution

Your Account Isn't Verified!

In order to create a playlist on Sporcle, you need to verify the email address you used during registration. Go to your Sporcle Settings to finish the process.

Report this User

Report this user for behavior that violates our Community Guidelines.

Details: